000 00594nam a22001937a 4500
003 OSt
005 20160422173413.0
008 160422b xxu||||| |||| 00| 0 eng d
020 _a0333659546
040 _cDDC.
082 _a362.1HEA 1996.
100 _aEdited by Altenstetter,Christa;Bjorkman James Warner;
_98203
245 _aHealth Policy Reform,National Variations and Globalization.
260 _aNew york;
_bMacmillan Press Ltd.
_c1996.
300 _axxiv,405p;
_bill;
_c22cm.
504 _aincludes bibliography and index.
650 _aPolitical Science.
_96756
942 _2ddc
_cSLOAN
999 _c3706
_d3706